Υδατοκαλλιέργειες και θαλάσσιο περιβάλλον
Αποθηκεύτηκε σε:
| Συγγραφή απο Οργανισμό/Αρχή: | |
|---|---|
| Μορφή: | Βιβλίο |
| Γλώσσα: | Greek |
| Δημοσίευση: |
Αθήνα :
Διεύθυνση Αλιευτικών εφαρμογών & ΕΑΠ,
2000
|
| Θέματα: | |
| Ετικέτες: |
Προσθήκη ετικέτας
Δεν υπάρχουν, Καταχωρήστε ετικέτα πρώτοι!
|
MARC
| LEADER | 00000nam a2200000 i 4500 | ||
|---|---|---|---|
| 001 | 1/22331 | ||
| 008 | 011009s2000 gre d | ||
| 020 | |a 960-00-2005-1 | ||
| 035 | |l 10067459 | ||
| 040 | |a GR-MY-UA |b gre |e aacr | ||
| 041 | 0 | |a gre | |
| 082 | 0 | |a 338.371209495 | |
| 110 | 2 | |a Υπουργείο Γεωργίας |b Γενική Διεύθυνση Αλιείας |b Διεύθυνση Αλιευτικών Εφαρμογών και Εισροών Αλιευτικής Παραγωγής. | |
| 245 | 1 | 0 | |a Υδατοκαλλιέργειες και θαλάσσιο περιβάλλον / |c Υπουργείο Γεωργίας Γενική Διεύθυνση Αλιευτικών Εφαρμογών και Εισροών Αλιευτικής Παραγωγής |
| 246 | 3 | 3 | |a Ιχθυοκαλλιέργειες και θαλάσσιο περιβάλλον |
| 260 | |a Αθήνα : |b Διεύθυνση Αλιευτικών εφαρμογών & ΕΑΠ, |c 2000 | ||
| 300 | |a 26 σ. | ||
| 650 | 0 | 0 | |a Fishes |x Breeding |z Greece. |
| 650 | 0 | 0 | |a Fish culture |x Economic aspects |z Greece. |
| 650 | 0 | 0 | |a Fish culture |z Greece. |
| 650 | 0 | 0 | |a Fishery management |z Greece. |
| 852 | |a INST |b LESVOS |e 20011009 |h 338.371209495 ΥΠΟ |p 005100028642 |q 005100028642 |t BK |y 0 | ||
| 901 | |a BIBL1-2001-3 | ||
| 909 | |a Λ |b 088644 | ||
| 920 | |a ΥΠΟΥΡΓΕΙΟ ΓΕΩΡΓΙΑΣ |b ΓΕΝΙΚΗ ΔΙΕΥΘΥΝΣΗ ΑΛΙΕΙΑΣ |y ΛΕΣΒΟΣ |z 2001-09 | ||
| 970 | |a ΤΖΑΦΕΡΗ |b ΕΥΑΓΓΕΛΙΑ |z 2001/10/08 | ||